Les Mis Quiz - Statistics

General Stats
  • This quiz has been taken 370 times
    366 since last reset
  • The average score is 15 of 21
Answer Stats
Hint Answer % Correct
I stole a loaf of bread! Jean Valjean
98%
Do I stay; and do I dare? Marius
89%
I know a place where no-one cries. Cosette
81%
A ghost you say? A ghost maybe. She was just like a ghost to me. Marius
80%
He's like the son I might have known. Jean Valjean
79%
Oh god, for shame, I do not even know your name! Marius
78%
Is there anyone here who can swear but to God she has nothing to fear, she has nothing to hide? Fantine
75%
For I had come to hate the world, this world that always hated me Jean Valjean
75%
Come inside for you are weary. Bishop Myriel
73%
It's too soon, too soon to say goodbye. Cosette
71%
The pavement shines like silver. Éponine
71%
Those who falter and those who fall will pay the price Javert
70%
Come with me, the chains will never bind you Fantine
68%
If I go to jail she'll die! Fantine
68%
We'll fight like twenty armies, and we won't give up! Gavroche
68%
Our little lives don't count at all. Enjolras
64%
One little scream and you'll regret it for a year. Thénardier
64%
I am here at your command. Javert
62%
I might have known the cat had claws.. The Foreman
54%
You still pretending to be poor? Éponine
50%
You look very well in that little blue hat! Madame Thénardier
40%
No matching quizzes found
Score Distribution
Percent of People with Each Score
Percentile by Number Answered
Your Score History
You have not taken this quiz since the last reset